The Gupta Vidya : the golden thread
Պահպանված է:
| Հիմնական հեղինակ: | |
|---|---|
| Ձևաչափ: | Գիրք |
| Լեզու: | անգլերեն |
| Հրապարակվել է: |
Theosophy Trust Books
2020
|
| Ցուցիչներ: |
Ավելացրեք ցուցիչ
Չկան պիտակներ, Եղեք առաջինը, ով նշում է այս գրառումը!
|
MARC
| LEADER | 00000nam a22000007a 4500 | ||
|---|---|---|---|
| 008 | 240828b |||||||| |||| 00| 0 eng d | ||
| 020 | |a 9781733465014 | ||
| 100 | |a IYER, Raghavan N. | ||
| 245 | |a The Gupta Vidya |b : the golden thread |c /Raghavan N.Iyer |g xvii, 800p. | ||
| 260 | |b Theosophy Trust Books |c 2020 |h Norfolk, U.S.A |i 701405 |l BP565.Iy9 |m Theosophy |m Spiritual life |m Religions |m Immortality |m Ethics | ||
| 500 | |a it includes references and index | ||
| 942 | |a lcc |c BK |e Johnson |f 28/08/24 | ||
| 952 | |0 0 |1 0 |2 lcc |4 0 |6 BP0565 I Y9 |7 0 |9 5547 |a HOL |b HOL |c AF |d 2024-08-28 |l 0 |o BP565.Iy9 |p 2024-0786 |r 2024-08-28 00:00:00 |t 701405 |w 2024-08-28 |y BK | ||
| 999 | |c 2738 |d 2738 | ||